00468 2200193 4500001002100000005001500021008004100036020002200077035001900099041000700118082001000125090001600135100001000151245002900161260003600190300002300226500001100249650001400260INLIS00000000000148520241224112347241224||||||||| | ||| |||| || |  a978-602-202-012-7 0010-1224001485 aid0 a614.4 a614.4 HAS d0 aHasmi00aDasar-Dasar Epidemiologi aJakartabTrans Info Mediac2011 ax, 127 hlm.; 18 cm aCet. 1 0akesehatan